| 000 | 01139cam a2200313 i 4500 | ||
|---|---|---|---|
| 999 |
_c30901 _d30901 |
||
| 001 | 30901 | ||
| 003 | Mx-PuUPA | ||
| 005 | 20191008155510.0 | ||
| 008 | 140415s2009 mx d gr 001 0 spa d | ||
| 020 | _a9789701068755 | ||
| 040 |
_aMx-PuUPA _bspa _cMx-PuUPA _dMx-PuUPA _erda |
||
| 041 | 0 | _aspa | |
| 245 | 1 | 0 |
_aHabilidades directivas / _cBerta Ermila Madrigal Torres, Adriana Baltazar Silva, Rita Guadalupe Franco García, Hilda González Montoya, [y otros seis] |
| 250 | _aSegunda edición | ||
| 264 |
_aMéxico, D.F. : _bMcGraw Hill Interamericana Editores, _c©2009 |
||
| 300 |
_axx, 258 páginas : _c23 cm _bdiagramas ; |
||
| 336 |
_atexto _2rdacontent _btxt |
||
| 337 |
_asin medio _2rdamedia _bn |
||
| 338 |
_avolumen _2rdacarrier _bnc |
||
| 650 | 4 | _aAdministración | |
| 700 | 1 |
_aMadrigal Torres, Berta Ermila, _eautor |
|
| 700 | 1 |
_aBaltazar Silva, Adriana, _eautor |
|
| 700 | 1 |
_aFranco García, Rita Guadalupe, _eautor |
|
| 700 | 1 |
_aGonzález Montoya, Hilda, _eautor |
|
| 942 |
_2ddc _cLI _h658 _iH113 |
||